000 00768nam a22002297a 4500
999 _c20970
_d20970
003 AR-CdUCM
008 190610b ||||| |||| 00| 0 spa d
040 _aMUNICIPALIDAD PROVINCIAL DEL CUSCO
_cBIBLIOTECA MUNICIPAL DEL CUSCO
082 _a473.6 /
_bB61
100 _aBlanco García, Vicente
_943754
245 _aDiccionario ilustrado latino-español y español-latino /
260 _aMadrid :
_bAguilar,
_c1952.
300 _a665 páginas ;
_bIlustraciones,mapas,
_c16 cm.
500 _a[libro reempastado]
505 _aContenido: Diccionario.
650 _aDiccionario
_95196
650 _aDiccionario español
_918264
650 _aDiccionario latino
_943755
700 _aTaboada, Guillermo (ilustraciones)
_943756
942 _2ddc
_cLIBROS
945 _aAndy